Leadership - návrat ke kořenům

Leadership a uplatňovanie vplyvu. Protikladné dôsledky ekonomického rastu - bohatstvo a chudoba. Výsledok práce novodobých lídrov. Začarovaný kruh rastu, spotreby, výroby a ničenia ľudských životov. Každý z nás je podnikateľ. Štyri stupne podnikania. Tisícročná tradícia podnikania. Štyri piliere ria...

Descripción completa

Guardado en:
Detalles Bibliográficos
Autor principal: Košturiak, Ján
Formato: Capítulo de libro
Lenguaje:checo
Materias:
Etiquetas: Agregar Etiqueta
Sin Etiquetas, Sea el primero en etiquetar este registro!

MARC

LEADER 00000naa a2200000 4500
001 0166332
005 20231211093404.4
041 0 |a cze 
044 |a CZ 
245 1 0 |a Leadership - návrat ke kořenům  |c Ján Košturiak 
520 |a Leadership a uplatňovanie vplyvu. Protikladné dôsledky ekonomického rastu - bohatstvo a chudoba. Výsledok práce novodobých lídrov. Začarovaný kruh rastu, spotreby, výroby a ničenia ľudských životov. Každý z nás je podnikateľ. Štyri stupne podnikania. Tisícročná tradícia podnikania. Štyri piliere riadenia z pohľadu jezuitov. Leadership budúcnosti. 
610 2 0 |a lídri 
610 2 0 |a manažéri 
610 2 0 |a riadenie 
610 2 0 |a vedenie ľudí 
610 2 0 |a podnikanie 
610 2 0 |a podnikatelia 
610 2 0 |a sebapoznanie 
610 2 0 |a motivácia 
610 2 0 |a rozhodovanie 
100 1 |a Košturiak, Ján